000 00501nam a2200181Ia 4500
005 20250326142652.0
008 250326s9999 xx 000 0 und d
037 _aTextbook
040 _aFMSL
_beng
_cFMSL
041 _aeng
_2eng
084 _aX8(A).1 M1
_qFMSL
100 _aO E C D
245 0 _aNorth/South technology transfer the adjustments a head
_cO E C D
260 _aParis
_bParis, O E C D
_c1981
300 _a116p
942 _cTB
_hX8(A).1 M1
999 _c1296102
_d1296102